| 000 | 00631cam a2200205 a 4500 | ||
|---|---|---|---|
| 020 | _a9780821365236 (pbk.) | ||
| 020 | _a0821365231 (pbk.) | ||
| 040 | _cDLC | ||
| 082 | 0 | 0 | _a332 WOR 2006 A073 Or. |
| 245 | 0 | 0 |
_aConsulting services manual 2006 : _ba comprehensive guide to the selection of consultants at the World Bank. |
| 260 |
_aWashington, D.C. : _bWorld Bank, _c2006. |
||
| 300 |
_axiv, 178 p. : _bill. ; _c28 cm. |
||
| 650 | 0 | _aBusiness consultants | |
| 650 | 0 | _aConsulting engineers | |
| 650 | 0 | _aConsultants | |
| 650 | 0 | _aEconomic assistance | |
| 650 | 0 | _aTechnical assistance | |
| 710 | 1 | _aWorld Bank. | |
| 942 | _cEK | ||
| 999 |
_c15133 _d15133 |
||